random trivia questions#1 - Statistics

General Stats
  • This quiz has been taken 37 times
  • The average score is 5 of 15
Answer Stats
Hint Answer % Correct
What is the only fruit that has its seeds on the outside? strawberry
85%
What is the only food that never spoils? honey
70%
What color is hippo sweat? Pinkish-red
67%
In what country do people traditionally eat KFC for Christmas dinner? Japan
59%
Which planet rains diamonds? saturn
59%
What bird is famous for holding "funerals" when one of their kind dies? crow
56%
What animal has rectangular pupils? goat
56%
What animal can hold its breath longer than a dolphin,sometimes for up to 8 minutes? sloth
26%
What U.S. state has a town literally named “Dull”? Ohio
15%
What fruit was once called a “love apple”? tomato
15%
What was bubble wrap originally invented for? wallpaper
15%
What everyday object did ancient Egyptians use as pillows? stones
11%
In what U.S. state is it illegal to tie a giraffe to a telephone pole? Georgia
4%
What animal can sleep for up to three years? snail
4%
In Texas, it’s illegal to put what on your neighbor’s cow? graffiti
0%
No matching quizzes found
Score Distribution
Percent of People with Each Score
Percentile by Number Answered
Your Score History
You have not taken this quiz